Times nordestinos com mais participações no Brasileirão - Statistics

Estatísticas Gerais
  • Esse quiz foi jogado 83 vezes
  • A pontuação média é 17 de 20
Estatísticas das Respostas
Participações Última participação Divisão atual Cidade Melhor colocação Resposta % Correto
53 2026 Série A Salvador Campeão (2 vezes) Bahia
100%
27 2025 Série B Fortaleza 3° colocado (1964) Ceará
100%
27 2025 Série B Fortaleza Vice-campeão (2 vezes) Fortaleza
100%
34 2013 Série B Recife Vice-campeão (1967) Náutico
100%
24 2016 Série C Recife 4° colocado (2 vezes) Santa Cruz
100%
43 2025 Série B Recife Campeão (1987) Sport
100%
42 2026 Série A Salvador Vice-campeão (1993) Vitória
100%
11 1984 Série B Maceió 12° colocado (1962) CRB
98%
19 2019 Série D Maceió 9° colocado (1966) CSA
97%
14 1985 Série D Natal 11° colocado (1960) ABC
92%
15 2007 Série D Natal 16° colocado (2 vezes) América de Natal
92%
7 1986 Série C João Pessoa 20° colocado (1980) Botafogo-PB
84%
12 1986 Série D São Luís 13° colocado (1965) Sampaio Corrêa
81%
11 1981 Sem divisão nacional Campina Grande 5° colocado (1962) Campinense
75%
12 1986 Série D Aracaju 15° colocado (1962) Sergipe
73%
9 1987 Série D Campina Grande 8° colocado (1967) Treze
73%
8 1984 Série C Aracaju 9° colocado (1964) Confiança
68%
11 1984 Série D São Luís 8° colocado (1968) Moto Club
68%
8 1982 Sem divisão nacional Teresina 13° colocado (1963) River
59%
7 1985 Sem divisão nacional Teresina 17° colocado (1966) Flamengo-PI
49%
Nenhum quiz correspondente encontrado
Distribuição das Pontuações
Porcentagem de Pessoas com Cada Pontuação
Percentil de Números Respondidos
Sua Pontuação Histórica
Você não jogou esse quiz